|
|
|
|
| LEADER |
00804nam a22002051a 4500 |
| 999 |
|
|
|c 49073
|d 49073
|
| 020 |
|
|
|a 9788122603637
|
| 082 |
|
|
|a M3 (ITr.)
|b PRE/V
|
| 100 |
|
|
|a Premchand
|
| 245 |
|
|
|a Vanchana/
|c by Premchand
|
| 260 |
|
|
|a Thrissur:
|b Current Books,
|c 2004.
|
| 300 |
|
|
|a 286p.
|
| 650 |
|
|
|a Translation Hindi Novel
|
| 650 |
|
|
|a Novel Malayalam
|
| 650 |
|
|
|a Literature Malayalam
|
| 650 |
|
|
|a Literature
|
| 700 |
|
|
|a Divakaran Potty E K (tr.)
|
| 942 |
|
|
|c BK
|
| 952 |
|
|
|0 0
|1 0
|4 0
|6 M_3_000000000000000_ITR__PRE_V
|7 0
|9 71208
|a SSUS
|b SSUS
|d 2015-01-08
|g 120.00
|l 4
|o M3 (ITr.) PRE/V
|p 050092
|r 2018-06-08
|s 2018-06-07
|v 0.00
|w 2015-01-08
|y BK
|
| 952 |
|
|
|0 0
|1 0
|4 0
|6 M_3_000000000000000_ITR__PRE_V
|7 0
|9 71209
|a SSUS
|b SSUS
|c STACKS
|d 2015-01-08
|g 120.00
|l 3
|o M3 (ITr.) PRE/V
|p 050091
|r 2019-09-30
|s 2019-09-16
|v 0.00
|w 2015-01-08
|y BK
|